[Event "Linares Anibal op 8th"]
[Site "Linares"]
[Date "2001.01.16"]
[Round "9"]
[White "Gershon, Alik"]
[Black "Meijers, Viesturs"]
[Result "1/2-1/2"]
[WhiteElo "2540"]
[BlackElo "2483"]
[PlyCount "31"]
[EventDate "2001.01.08"]
[Source "ChessBase"]
[SourceDate "2001.03.20"]

1. d4 Nf6 2. c4 e6 3. Nc3 d5 4. Bg5 Be7 5. Nf3 Nbd7 6. e3 O-O 7. cxd5 Nxd5 8. Bxe7 Qxe7 9. Rc1 Nxc3 10. Rxc3 c6 11. Qc2 e5 12. Bd3 g6 13. O-O Re8 14. dxe5 Nxe5 15. Nxe5 Qxe5 16. Rc5 1/2-1/2

[Event "Moscow op2"]
[Site "Moscow"]
[Date "1995.??.??"]
[Round "4"]
[White "Itkis, Boris"]
[Black "Kharitonov, Andrei Y"]
[Result "1/2-1/2"]
[WhiteElo "2470"]
[BlackElo "2550"]
[PlyCount "34"]
[EventDate "1995.11.??"]
[Source "ChessBase"]

1. d4 Nf6 2. Nf3 d5 3. c4 e6 4. Nc3 Be7 5. Bg5 O-O 6. e3 Nbd7 7. cxd5 Nxd5 8. Bxe7 Qxe7 9. Bd3 Nxc3 10. bxc3 c5 11. O-O b6 12. a4 Bb7 13. a5 e5 14. Bb5 exd4 15. cxd4 Nf6 16. axb6 axb6 17. Be2 Rfd8 1/2-1/2

[Event "World Open"]
[Site "Philadelphia, PA USA"]
[Date "1992.??.??"]
[Round "7"]
[White "Van Wely, Loek"]
[Black "Taylor, Timothy"]
[Result "1-0"]
[WhiteElo "2560"]
[BlackElo "2455"]
[PlyCount "95"]
[EventDate "1992.06.??"]
[Source "www.chesslib.no"]
[SourceDate "2004.05.04"]

1. d4 d5 2. c4 e6 3. Nc3 Nf6 4. Bg5 Be7 5. e3 O-O 6. Nf3 Nbd7 7. cxd5 Nxd5 8. Bxe7 Nxe7 9. Bd3 c5 10. O-O cxd4 11. Nxd4 Nf6 12. Qe2 e5 13. Nf3 Bg4 14. Rfd1 Qb6 15. Rd2 Nc6 16. Ne4 Nxe4 17. Bxe4 Qb4 18. Bxc6 bxc6 19. a3 Qe4 20. h3 Bxf3 21. Qxf3 Qxf3 22. gxf3 Rfb8 23. Rc1 Rb6 24. Rc5 f6 25. Rdc2 Rc8 26. b4 a6 27. Kg2 Kf7 28. Kg3 Ke7 29. f4 exf4+ 30. Kxf4 Ke6 31. h4 g6 32. h5 gxh5 33. R2c4 Kf7 34. Rxh5 Kg6 35. Rhc5 h5 36. Rc1 Rc7 37. Rg1+ Kf7 38. Rxh5 Ke6 39. Rc5 Rb5 40. Rgc1 Rxc5 41. Rxc5 Rc8 42. Ra5 Ra8 43. Ke4 Ra7 44. Kd4 Kd6 45. e4 Ra8 46. f3 Ra7 47. Rf5 Rf7 48. Rxf6+ 1-0

[Event "Moscow"]
[Site "Moscow"]
[Date "1986.??.??"]
[Round "?"]
[White "Suba, Mihai"]
[Black "Inkiov, Ventzislav"]
[Result "1-0"]
[WhiteElo "2545"]
[BlackElo "2465"]
[PlyCount "79"]
[EventDate "1986.03.??"]
[Source "ChessBase"]

1. c4 e6 2. Nc3 d5 3. d4 Nf6 4. Bg5 Be7 5. e3 O-O 6. Qb3 Nbd7 7. Nf3 c6 8. Be2 dxc4 9. Qxc4 Nd5 10. Bxe7 Qxe7 11. O-O Nxc3 12. Qxc3 c5 13. Rac1 b6 14. dxc5 Nxc5 15. b4 Na6 16. a3 Bb7 17. Qe5 Rac8 18. Nd4 Nb8 19. Nb5 Ba6 20. Rfd1 Bxb5 21. Bxb5 h6 22. h3 Rfd8 23. Rxd8+ Qxd8 24. Rxc8 Qxc8 25. Qd6 Na6 26. Qe7 Nc7 27. Bc6 Nd5 28. Bxd5 exd5 29. Kh2 a5 30. b5 Qe6 31. Qc7 Kh7 32. Kg1 Qf6 33. Qc2+ g6 34. Qd3 Qa1+ 35. Kh2 Qe5+ 36. f4 Qe4 37. Qc3 Kg8 38. Kg3 g5 39. fxg5 hxg5 40. Kf2 1-0

[Event "DSV-Turnier"]
[Site "Leipzig"]
[Date "1975.??.??"]
[Round "6"]
[White "Uhlmann, Wolfgang"]
[Black "Mueller, Klaus Uwe"]
[Result "1-0"]
[WhiteElo "2535"]
[BlackElo "2470"]
[PlyCount "55"]
[EventDate "1975.11.22"]
[Source "ChessBase"]

1. c4 e6 2. Nc3 d5 3. d4 Nf6 4. Bg5 Be7 5. e3 Nbd7 6. Nf3 c6 7. Bd3 O-O 8. O-O a6 9. b3 Re8 10. Qe2 b5 11. Rac1 Bb7 12. Rfd1 Rc8 13. h3 Qa5 14. c5 Bd8 15. Qb2 b4 16. Ne2 Bc7 17. Ra1 Rb8 18. a3 Bc8 19. Rdb1 e5 20. Bxf6 e4 21. Be5 Nxe5 22. Nxe5 Bxe5 23. axb4 Qxb4 24. Bxa6 Bc7 25. Bxc8 Rbxc8 26. Qa3 Qb7 27. Qa6 Qb8 28. b4 1-0

[Event "Leeuwarden Open"]
[Site "Leeuwarden NED"]
[Date "1995.??.??"]
[Round "4"]
[White "Gretarsson, Helgi A"]
[Black "Kharitonov, Andrei Y"]
[Result "1/2-1/2"]
[WhiteElo "2450"]
[BlackElo "2550"]
[PlyCount "31"]
[EventDate "1995.08.??"]
[Source "www.chesslib.no"]
[SourceDate "2004.05.04"]

1. d4 Nf6 2. c4 e6 3. Nf3 d5 4. Nc3 Be7 5. Bg5 O-O 6. e3 Nbd7 7. cxd5 Nxd5 8. Bxe7 Qxe7 9. Rc1 Nxc3 10. Rxc3 c6 11. Bd3 e5 12. Qb1 h6 13. O-O exd4 14. Nxd4 Ne5 15. Be4 Rd8 16. h3 1/2-1/2

[Event "RUS-ch"]
[Site "Elista"]
[Date "1994.??.??"]
[Round "1"]
[White "Notkin, Maksim"]
[Black "Kharitonov, Andrei Y"]
[Result "1/2-1/2"]
[WhiteElo "2465"]
[BlackElo "2535"]
[PlyCount "48"]
[EventDate "1994.09.??"]
[Source "ChessBase"]

1. d4 d5 2. c4 e6 3. Nc3 Be7 4. Nf3 Nf6 5. Bg5 O-O 6. e3 Nbd7 7. cxd5 Nxd5 8. Bxe7 Qxe7 9. Bd3 Nxc3 10. bxc3 c5 11. O-O b6 12. Qc2 h6 13. a4 Bb7 14. e4 Rfc8 15. Qe2 Nf6 16. a5 Qd8 17. Rab1 cxd4 18. cxd4 Rc3 19. a6 Bc6 20. Rbc1 Rxc1 21. Rxc1 Rc8 22. h3 Ba8 23. Rd1 Rc7 24. Re1 Rc3 1/2-1/2

[Event "Budapest"]
[Site "Budapest"]
[Date "1982.??.??"]
[Round "9"]
[White "Uhlmann, Wolfgang"]
[Black "Frey, Kenneth"]
[Result "1/2-1/2"]
[WhiteElo "2515"]
[BlackElo "2480"]
[PlyCount "80"]
[EventDate "1982.06.??"]
[Source "ChessBase"]

1. c4 e6 2. Nc3 d5 3. d4 c6 4. Nf3 Nf6 5. Bg5 Be7 6. e3 Nbd7 7. Bd3 O-O 8. O-O dxc4 9. Bxc4 Nd5 10. Bxe7 Qxe7 11. Ne4 N5f6 12. Ng3 c5 13. Rc1 Rd8 14. e4 Nf8 15. e5 Ne8 16. Qe2 cxd4 17. Qe4 Rb8 18. Nxd4 Bd7 19. f4 Bc6 20. Nxc6 Qc5+ 21. Kh1 Qxc6 22. Qxc6 bxc6 23. Bb3 Rd2 24. Rxc6 Rxb2 25. Ne4 Ng6 26. Nd6 Kf8 27. Ra6 Nxd6 28. exd6 Nxf4 29. Rxa7 f6 30. g3 Nd3 31. Bxe6 Ne5 32. Bb3 Rd2 33. Rc1 Rxd6 34. Rcc7 Rbd8 35. Rxg7 R8d7 36. Rxh7 Rxa7 37. Rxa7 Rd2 38. Ra8+ Ke7 39. Ra7+ Kf8 40. Ra8+ Ke7 1/2-1/2

[Event "ch-VIE"]
[Site "Dong Thap"]
[Date "2003.03.23"]
[Round "4"]
[White "Nguyen Anh Dung"]
[Black "Bui Vinh"]
[Result "1/2-1/2"]
[WhiteElo "2530"]
[BlackElo "2461"]
[PlyCount "73"]
[EventDate "2003.03.01"]
[Source "Roberto Alvarez"]
[SourceDate "2003.04.07"]

1. d4 d5 2. c4 e6 3. Nc3 c6 4. Nf3 Nf6 5. Bg5 Be7 6. e3 Nbd7 7. Bd3 O-O 8. O-O h6 9. Bh4 dxc4 10. Bxc4 b5 11. Bd3 a6 12. Qe2 c5 13. Rfd1 cxd4 14. Nxd4 Bb7 15. e4 b4 16. Na4 Qa5 17. b3 Rfc8 18. Bg3 Nc5 19. Nxc5 Bxc5 20. Nf3 Qb6 21. Rac1 Nh5 22. Be5 f6 23. Bg3 Nxg3 24. hxg3 a5 25. Bc4 Rd8 26. Nh4 Rxd1+ 27. Rxd1 Ba6 28. Bxa6 Qxa6 29. Qg4 Qc6 30. Rd2 Re8 31. Kh2 Bb6 32. Ng6 Qc1 33. Qe2 Qc6 34. Rc2 Qd7 35. Nf4 Bc7 36. Rd2 Qf7 37. Rc2 1/2-1/2

[Event "Korinthos op 3rd"]
[Site "Korinthos"]
[Date "1999.07.11"]
[Round "8"]
[White "Halkias, Stelios"]
[Black "Nenashev, Alexander"]
[Result "0-1"]
[WhiteElo "2406"]
[BlackElo "2584"]
[PlyCount "120"]
[EventDate "1999.07.27"]
[Source "www.chesslib.no"]
[SourceDate "2004.05.04"]

1. d4 Nf6 2. c4 e6 3. Nf3 d5 4. Nc3 Be7 5. Bg5 O-O 6. e3 Nbd7 7. Bd3 h6 8. Bh4 c5 9. O-O b6 10. Qe2 Bb7 11. Rfd1 Ne4 12. Bg3 Nxg3 13. hxg3 cxd4 14. Nxd4 Nf6 15. Rac1 Rc8 16. cxd5 Nxd5 17. Bc4 Bf6 18. Bxd5 exd5 19. Qd3 Qe7 20. Qf5 Qe5 21. Rd2 Rfd8 22. Qg4 h5 23. Qd1 g6 24. Nce2 Rxc1 25. Qxc1 Rc8 26. Qd1 Rc5 27. Nf4 Qe4 28. Kh2 a6 29. Nb3 Rc8 30. Nxd5 Bxd5 31. Rxd5 h4 32. gxh4 Qxh4+ 33. Kg1 Kg7 34. Qd2 Rh8 35. Kf1 Qh1+ 36. Ke2 Qxg2 37. Rd6 Qg4+ 38. Kd3 Rc8 39. Nd4 Qg1 40. Rc6 Rd8 41. Rxb6 Bxd4 42. exd4 Qb1+ 43. Kc3 Qxa2 44. Rc6 Rb8 45. Qc2 Qd5 46. Rc5 Qf3+ 47. Kc4 Rb6 48. b3 Qh3 49. Qd1 Rf6 50. Qe2 Rf3 51. Qe5+ Kh7 52. Qd5 Qf1+ 53. Kb4 Qe1+ 54. Ka3 Qa1+ 55. Kb4 Rf4 56. Kc4 Rxf2 57. Qe4 Qc1+ 58. Kb4 Qd2+ 59. Ka3 Re2 60. Qd5 Kg7 0-1